LEADER 00838nam1 22002411i 450 001 UON00428717 005 20231205104858.150 100 $a20130709d1959 |0itac50 ba 101 $arus 102 $aRU 105 $a|||| 1|||| 200 1 $aPis'ma$fF. M. Dostoevskij 210 $aMoskva$cChudo?estvennaja literatura$d1959 215 $a4 v.$d22 cm. 463 1$1001UON00428718$12001 $aPis'ma 1878-1881$fF. M. Dostoevskij$1210 $aMoskva$cChudo?estvennaja literatura$d1959$1215 $aXX, 606 p.$d22 cm.$v4 620 $aRU$dMoskva$3UONL003152 676 $a891.703$cLetteratura russa. 1800-1917$v21 700 1$aDOSTOEVSKIJ$bFedor Michajlovi?$3UONV019432$0189389 712 $aChudo?estvennaja literatura$3UONV265798$4650 801 $aIT$bSOL$c20241213$gRICA 912 $aUON00428717 996 $aPis'ma$91209440 997 $aUNIOR LEADER 01422nam2 22003371i 450 001 UON00458357 005 20231205105113.879 100 $a20150907d1972 |0itac50 ba 101 $aita 102 $aIT 105 $a|||| 1|||| 200 1 $aD'Ancona-Carducci$fa cura di Pietro Cudini 210 $aPisa$cScuola Normale Superiore$d1972 215 $aXVIII, 351 p.$d24 cm. 461 1$1001UON00458329$12001 $aCarteggio D'ancona$1210 $aPisa$cScuola Normale Superiore$1215 $av.$d24 cm.$v2 606 $aCARDUCCI GIOSUE'$3UONC036033$2FI 606 $aCARDUCCI GIOSUE'$xLettere e carteggi$3UONC087945$2FI 606 $aD'ANCONA ALESSANDRO$xLettere e carteggi$3UONC087928$2FI 620 $aIT$dPisa$3UONL000055 676 $a850$cLetteratura italiana$v21 676 $a850.09$cLetteratura italiana. Storia, descrizione, studio critico$v21 700 1$aD'Ancona$bAlessandro$3UONV106153$0144397 701 1$aCARDUCCI$bGiosue$3UONV015252$0439461 702 1$aCUDINI$bPiero$3UONV151524 712 $aScuola Normale Superiore di Pisa$3UONV252504$4650 801 $aIT$bSOL$c20250606$gRICA 899 $aSIBA - SISTEMA BIBLIOTECARIO DI ATENEO$2UONSI 912 $aUON00458357 950 $aSIBA - SISTEMA BIBLIOTECARIO DI ATENEO$dSI ITA II 1693 $eSI LO 9056 7 1693 $sBuono 996 $aD'Ancona-Carducci$9936304 997 $aUNIOR